The Texas hail suppression program ; a summary of weather modification activities conducted over portions of Hale, Lamb and Floyd counties during the Summer periods of 1970, 1971 and 1972 /

Bibliographic Details
Main Authors: Henderson, Thomas J., Munn, Robert D. (Author)
Corporate Author: Atmospherics Incorporated
Format: Book
Language:English
Published: Fresno, Calif. : Atmospherics Inc., 1973.
Subjects:

MARC

Tag First Indicator Second Indicator Subfields
LEADER 00000cam a2200000I 4500
001 in00001993313
005 20151031110744.0
008 810820s1973 cauab 000 0 eng d
035 |a (OCoLC)ocm07687151 
040 |a CUV  |c CUV  |d TXA  |d UtOrBLW 
043 |a n-us-tx 
049 |a TXAM 
090 |a QC929.H15  |b H43 1973 
100 1 |a Henderson, Thomas J. 
245 1 4 |a The Texas hail suppression program ;  |b a summary of weather modification activities conducted over portions of Hale, Lamb and Floyd counties during the Summer periods of 1970, 1971 and 1972 /  |c Prepared by Thomas J. Henderson [and] Munn, Robert D., II. 
264 1 |a Fresno, Calif. :  |b Atmospherics Inc.,  |c 1973. 
300 |a 105 pages :  |b illustrations, maps. 
336 |a text  |b txt  |2 rdacontent 
337 |a unmediated  |b n  |2 rdamedia 
338 |a volume  |b nc  |2 rdacarrier 
500 |a "Report prepared for the Plains Weather Improvement Association, Plainview, Texas and Better Weather Incorporated, Littlefield, Texas." 
650 0 |a Hail control  |z Texas. 
700 1 |a Munn, Robert D.,  |e author. 
710 2 |a Atmospherics Incorporated. 
994 |a C0  |b TXA 
999 |a MARS 
999 f f |s 23415a0c-668e-3150-bda0-e189904a2c76  |i 5a094cca-fc21-301d-81c9-eca9655b5e00  |t 0 
952 f f |p normal  |a Texas A&M University  |b College Station  |c Sterling C. Evans Library  |d Evans: Library Stacks  |t 0  |e QC929.H15 H43 1973  |h Library of Congress classification  |i unmediated -- volume  |m A14831304159 
998 f f |a QC929.H15 H43 1973  |t 0  |l Evans: Library Stacks